000 00800nam a2200217Ia 4500
001 3307
003 GE_BSU
008 181216s||||||||xx |||||||||||||| ||und||
040 _cGE_BSU
080 _a628.147.1(075.8)+65
100 _aБородин,И.В
245 _aТехнология и организация строительства водопроводно-канализационных соружений.
245 _bУчебник.
245 _cРед.из-ва Н.А.Быстровская.
260 _aМ.
260 _bСтройиздат.
260 _c1969.
300 _a375стр.илл.
653 _aТехнология и организация строительства водопроводно-канализационных соружений.
942 _cBK
999 _c37348
_d37348